000 01042nam a22002537a 4500
003 OSt
005 20250904151241.0
008 240426b ||||| |||| 00| 0 eng d
040 _c0
082 _aDPer 621.317 Ie21 November 2022 v. 37 n. 11
100 _aAn, Ronghui.
_eauthor.
_956765
245 _aFlexible transfer converters enabling autonomous control and power dispatch of microgrids /
_cRonghui An, Jinjun Liu, Zeng Liu, and Zhaoqi Song.
260 _aNew York ;
_bThe Institute of Electrical and Electronics Engineers, Inc. ,
_cNovember 2022.
300 _aVolume 37, pages 13767-13781 :
_billustration ;
_c28 cm.
500 _aIEEE Transactions on Power Electronics, vol. 37, no. 11, pages 13767-13781, November 2022.
650 0 _a Autonomous control.
_967235
650 0 _aVoltage control.
_965950
650 0 _aSwitches.
_965863
700 _aAn, Ronghui.
_eauthor.
_956765
700 _aLiu, Jinjun.
_eauthor.
_956766
700 _aLiu, Zeng.
_eauthor.
_956767
700 _aSong, Zhaoqi.
_eauthor.
_956768
942 _2ddc
_cPER
999 _c20177
_d20177